Statistiche per Partizione delle Alpi

Clicka qui per fare il quiz!

Statistiche generali

  • Questo quiz è stato fatto 17 volte
  • Il punteggio medio è 9 su 26

Statistiche sulle risposte

ParteNumero della sezioneLimitiMassima altitudineSezione% Corretto
2dal Colle della Maddalena
al Colle del Moncenisio
3.841 m (Monviso)Alpi Cozie
88%
3dal Colle del Moncenisio
al Col Ferret
4.808 m
(Monte Bianco)
Alpi Graie
88%
20dalla Sella di Camporosso
al Passo di Vrata
2.863 m
(Monte Tricorno)
Alpi Giulie
82%
Alpi Occidentali1dal Colle di Cadibona
al Colle della Maddalena
3.297 m
(Monte Argentera)
Alpi Marittime
82%
11dal Passo dello Spluga
al Passo di Resia
4.050 m
(Pizzo Bernina)
Alpi Retiche
82%
10dal Passo del Sempione
al Passo dello Spluga
3.552 m
(Monte Leone)
Alpi Lepontine
71%
19dal Passo di Monte Croce Comelico
alla Sella di Camporosso
2.780 m
(Monte Coglians)
Alpi Carniche
59%
Alpi Centrali9dal Col Ferret
al Passo del Sempione
4.634 m
(Monte Rosa - Punta Dufur)
Alpi Pennine
59%
18tra l'Adige, il Piave e il Rienza3.343 m (Marmolada)Dolomiti
53%
24tra la Traun, la Salza, la Mürz e il Danubio2.277 m (Hochschwab)Alpi Austriache / Prealpi Austriache
18%
15tra il Reno, il Lago di Costanza, l'Arlberg, l'Inn e l'Altipiano Bavarese2.657 m
(Großer Krottenkopf)
Alpi Bavarese / Prealpi Bavaresi
18%
5Torrente Guisane, fiume Durance, Lago di Serre-Ponçon, fiume Drac, fiume Isère, fiume Arc, torrente Valloirette4.103 m
(Barre des Écrins)
Alpi del Delfinato
18%
4Dal corso del Verdon
al corso superiore della Durance
2.961 m
(Tête de l'Estrop)
Alpi di Provenza
18%
7Tra il Rodano, l'Isère, il medio corso della Durance e il Drac2.790 m
(Grande Tête de l'Obiou)
Prealpi del Delfinato
18%
6Tra il Mar Mediterraneo, il Varo, il corso medio del Verdon e il corso inferiore della Durance1.996 m
(Puy de Rent)
Prealpi di Provenza
18%
8tra il Trient, l'Arve, l'Arly, l'Isère, il Lago di Ginevra e il tratto del Rodano compreso tra Martigny e il lago di Ginevra3.257 m
(Haute Cime des Dents du Midi)
Prealpi di Savoia
18%
16tra il Lago Maggiore, l'Adda, l'Adige e la Pianura Padana3.050 m
(Pizzo Coca)
Prealpi Lombarde
18%
14tra il Lago di Ginevra e il Lago di Costanza fino all'Altipiano Svizzero2.970 m
(Schilthorn)
Prealpi svizzere
18%
12Tra il Rodano e la Reuss, il Lago dei Quattro Cantoni, il Lago di Brienz, il Lago di Thun, il Simme e la Sarine4.274 m (Finsteraarhorn)Alpi Bernesi
12%
13tra la Reuss et il Reno3.614 m
(Tödi)
Alpi di Glarona
12%
Alpi Orientali17dal Passo del Brennero
al Passo di Schober (tratta austriaca) o alla Sella di Dobbiaco (tratta italiana)
3.798 m (Großglockner)Alpi Noriche
12%
23dal fiume Innn a Gerlospass, dal corso del Salzach e del Wagrainer Hohe al Traun2.863 m (Hoher Dachstein)Alpi Salisburghesi / Prealpi di Salisburgo
12%
22tra l'Isonzo e il Golfo del Quarnaro1.396 m
(Monte Maggiore)
Carso
12%
25tra la Drava, il Lavant, la Mürz e la pianura del Danubio2.187 m (Ameringkogel)Prealpi di Stiria
12%
21tra l'Adige, il Brenta, il Piave, il Tagliamento e l'Isonzo2.706 m
(Cima dei Preti)
Prealpi Trivenete
12%
26tra la Drava e la Sava2.558 m (Grintovec)Realpi Caravanche - Bacher
12%

Distribuzione punteggi

Percentile per numero di risposta

Percentuale di utenti per punteggio

I tuoi punteggi nel tempo

Non hai fatto questo quiz